000 01020nam a22002417a 4500
005 20240305165616.0
007 cr|||| ||||
008 210906s2005 mx |||||s|||| 00||0 spa d
020 _a978-368-726-417-0
035 _a34786
040 _avLex
090 _c12265
_d12265
100 1 _aSánchez Miranda, Arnulfo
245 1 0 _aAplicación práctica del impuesto al valor agregado
_h[Recurso electrónico] /
_cArnulfo Sánchez Miranda
256 _aServicio en línea
260 _aCiudad de México:
_bEdiciones Fiscales ISEF,
_c2005
300 _a1 recurso electrónico
506 1 _aDisponible solo en los productos indicados
_dvLex Global
_dvLex Global (Academic Edition, excluding Law Schools)
_dvLex Global (U.S. Academic Edition, Law Schools)
_dvLex Global (U.S. Academic Edition, excluding Law Schools)
_dvLex Global (Academic Edition, Law Schools)
650 0 4 _aDerecho Fiscal
_zMéxico
740 0 _avLex Libros (Servicio en línea)
856 4 0 _uhttps://app.vlex.com/#/sources/34786
942 _cRAA
999 _c170501
_d170501